000 00221nam a22000857a 4500
008 170128b xxu||||| |||| 00| 0 eng d
100 _92625
_aGupta.R.G.
245 _aComposite Mathematics-8
260 _aNew Delhi
_bS. Chand
_c2011
999 _c5770
_d5770